| 000 | 00756nam a2200181Ia 4500 | ||
|---|---|---|---|
| 008 | 100920s9999 xx 000 0 und d | ||
| 082 |
_b85261 _a28 व 891 न 03 |
||
| 100 | _aसातपुते गोविंद/कूलकर्णी पुरूषोत्तम. | ||
| 245 | _aमहाराष्टाचे थोर संत. | ||
| 260 |
_bदिलीपराज प्रकाशन प्रा.लि.पुणे-30. _c2003 |
||
| 300 |
_a0 _bसाधी |
||
| 365 | _b25 | ||
| 520 | _aबा.वि.लघुकथा. | ||
| 630 | _aमहाराष्टाचे थोर संत. | ||
| 650 | _aबा.वि.लघुकथा. | ||
| 730 | _aमहाराष्टाचे थोर संत. | ||
| 942 | _cBOOK | ||
| 999 |
_c725774 _d725771 |
||